000 00734nam a2200289Ia 4500
008 170203s9999 xx 000 0 und d
020 _a9781742523279
050 _a611
050 _bM478i 2013
100 _aMcMillan, Beverly.
245 4 _aThe illustrated atlas of the human body /
245 _cBeverly McMillan.
260 _aWeldon Owen:
260 _bAustralia,
260 _c2013
300 _a288 pages :
300 _bcolor illustrations :
300 _c35 cm.
650 _aAnatomy -- 
650 _aHuman anatomy -- 
650 _aHuman physiology -- 
650 _aPhysiological Phenomena --
650 _x atlases.
650 _xatlases.
650 _xAtlases.
650 _xAtlases.
999 _c305972
_d305972